Statystyki dla Flags and Maps #1 (in Polish - po polsku)

Kliknij tutaj aby rozwiązać quiz!

Ogólne statystyki

  • Ten quiz został rozwiązany 39 razy
  • Średni wynik to 7 z 12

Statystyki odpowiedzi

Odpowiedź% Poprawnych
Francja
97%
Dania
74%
Maroko
74%
Jamajka
65%
Mołdawia
65%
Andora
62%
Zambia
62%
Honduras
59%
Tanzania
56%
Saint Vincent i Grenadyny
50%
St Kitts i Nevis
44%
Greenland [Denmark]
18%

Rozkład punktacji

Percentyl według liczby udzielonych odpowiedzi

Procent ludzi z każdym wynikiem

Twoja historia wyników

Nie rozwiązałeś tego quizu